| 000 | 00589nam a2200205 a 4500 | ||
|---|---|---|---|
| 001 | BRCA_444 | ||
| 005 | 20190320203019.0 | ||
| 008 | 290705s1990----mx-a---###---#000-0#spa-d | ||
| 020 | _a9682433754 | ||
| 050 | 4 |
_aNK1510 _b.A24 1991 |
|
| 100 | 1 |
_aAcha, Juan _91522 |
|
| 245 | 1 | 0 |
_aIntroducción a la teoría de los diseños _cJuan Acha. |
| 250 | _a2 | ||
| 260 |
_aMéxico _bTrillas _c1990 (reimp. 1991) |
||
| 300 |
_a169 p. _bil. _c24 cm. |
||
| 500 | _aIncluye índice analítico y onomástico | ||
| 504 | _aBibliografía: p. 162-164 | ||
| 650 | 1 | 4 |
_aDiseño decorativo _91523 |
| 942 |
_2lcc _cB |
||
| 999 |
_c379 _d379 |
||